000 00655cam a2200229 4500500
005 20260329002649.0
041 _afre
042 _adc
100 1 0 _aNassif, Philippe
_eauthor
245 0 0 _aLe process de Kafka
260 _c2013.
500 _a51
690 _aBurn out
690 _aEntreprise
690 _aFrançois Dupuy
690 _aJean-Philippe Bouilloud
690 _aManagement
690 _aPhilippe Nassif
690 _aTravail
786 0 _nPhilosophie magazine | 68 | 4 | 2013-04-01 | p. 33-35 | 1951-1787
856 4 1 _uhttps://shs.cairn.info/magazine-philosophie-magazine-2013-4-page-33?lang=fr&redirect-ssocas=7080
999 _c1817165
_d1817165